000 00254nam a2200097Ia 4500
001 1075333
005 20250827002236.0
008 250824s9999 xx 000 0 und d
245 0 _aORTADOĞUYA DAİR YİRMİ TEZ
_cTAHA KILINÇ
260 _bKETEBE YAYINLARI
999 _c1075333
_d1075333